RFID: namiesto eufórie vytriezvenie
Čiarový kód nás v obchodoch bude sprevádzať aj naďalej, RFID má perspektívu v iných oblastiach. Charakteristika RFID. Prednosti a nevýhody. RFID a potraviny. Budúcnosť RFID. Kombinovaná budúcnosť.
Enregistré dans:
| Format: | Chapitre de livre |
|---|---|
| Langue: | slovaque |
| Sujets: | |
| Tags: |
Pas de tags, Soyez le premier à ajouter un tag!
|
MARC
| LEADER | 00000naa$a2200000$$$4500 | ||
|---|---|---|---|
| 001 | 0096235 | ||
| 005 | 20231109065717.1 | ||
| 041 | 0 | |a slo | |
| 044 | |a SK | ||
| 245 | 1 | 0 | |a RFID: namiesto eufórie vytriezvenie |
| 520 | |a Čiarový kód nás v obchodoch bude sprevádzať aj naďalej, RFID má perspektívu v iných oblastiach. Charakteristika RFID. Prednosti a nevýhody. RFID a potraviny. Budúcnosť RFID. Kombinovaná budúcnosť. | ||
| 610 | 2 | 0 | |a kódy čiarové |
| 610 | 2 | 0 | |a technológie nové |
| 610 | 2 | 0 | |a reťazce logistické |
| 610 | 2 | 0 | |a potraviny |